000 00419pam a2200157a 44500
008 230515b1986 xxu||||| |||| 00| 0 eng d
020 _aNULL
041 _aENGLISH
082 _a630
100 _a7396-171985
245 _aCRITERIA FOR HYDRAULIC DESUGB IF SYRGE TABJE OART-I SIMPLE RESTRIETED ORIFICE AND DIFFERENTIAL SURGE TANKS
250 _a0
260 _aDELHI
_bISI
_c1986
300 _a12
650 _aNULL
999 _c652023
_d652023